Guess The Lead Actor In The Bollywood Movie #Hard# - Statistics

General Stats
  • This quiz has been taken 185 times
  • The average score is 7 of 20
Answer Stats
Name Of the Movie Name Of The Actor % Correct
Kismat Connection Shahid Kapoor
66%
One 2 Ka 4 Shah Rukh Khan
63%
Bade Miyan Chote Miyan Govinda
62%
Tanu Weds Manu R Madhavan
60%
Citylights Rajkumar Rao
58%
DevD Abhay Deol
56%
Saathiya Vivek Oberoi
54%
Do Dooni Char Rishi Kapoor
51%
Matru Ki Bijlee Ka Mandola Imran Khan
49%
Har Dil Jo Pyaar Karega Salman Khan
45%
A Gentleman : Sundar Susheel Risky Siddharth Malhotra
45%
Iqbal Shreyas Talpade
38%
Dil Aashna Hai Shah Rukh Khan
22%
Zakhhm Ajay Devgan
16%
Shool Manoj Bajpai
15%
Ek Duje Ke Liye Kamal Haasan
14%
Not A Love Story Deepak Dobriyal
5%
Mirza Ghalib Bharat Bhushan
3%
Kala Bazaar Devanand
3%
Manjhi : The Mountain Man Nawazzudin Siddiqui
2%
No matching quizzes found
Score Distribution
Percent of People with Each Score
Percentile by Number Answered
Your Score History
You have not taken this quiz